LEADER 01202nam1 2200397 450 001 990000934330203316 010 $a88-7062-970-8 035 $a0093433 035 $aUSA010093433 035 $a(ALEPH)000093433USA01 035 $a0093433 100 $a20020131d1997----km-y0ITAy01------ba 101 $alat$aita 102 $aIT 105 $a|||| ||||| 200 1 $aEpigrafi di Larino e della bassa Frentania$f[a cura di] Napoleone Stelluti 210 $aCampobasso$cEditrice Lampo$d1997. 215 $a2 v.$d30 cm 517 1 $aEpigrafi di Larino 610 0 $aIscrizioni latine$aMolise$aRepertori 676 $a471.1 702 1$aSTELLUTI,$bNapoleone 801 0$aIT$bsalbc$gISBD 912 $a990000934330203316 951 $aX B 357$bLM$cX B 959 $aBK 969 $aUMA 979 $aPATTY$b90$c20020131$lUSA01$h1523 979 $aPATTY$b90$c20020131$lUSA01$h1524 979 $aPATTY$b90$c20020131$lUSA01$h1524 979 $aPATTY$b90$c20020131$lUSA01$h1526 979 $aPATTY$b90$c20020131$lUSA01$h1526 979 $c20020403$lUSA01$h1736 979 $aPATRY$b90$c20040406$lUSA01$h1704 996 $aEpigrafi di Larino e della bassa Frentania$9284865 997 $aUNISA LEADER 01158nam--2200373---450- 001 990003206580203316 005 20090317100320.0 010 $a978-88-217-2937-9 035 $a000320658 035 $aUSA01000320658 035 $a(ALEPH)000320658USA01 035 $a000320658 100 $a20090317d2008----km-y0itay50------ba 101 $aita 102 $aIT 105 $a||||||||001yy 200 1 $aCodice delle agevolazioni$eincentivi per l'assunzione del personale$fTemistocle Bussino, Pierluigi Rausei 210 $a[Milanofiori, Assago]$cIpsoa$d2008 215 $aXXV, 1190 p.$d21 cm 225 2 $aCodici del lavoro$v4 410 0$12001$aCodici del lavoro$v4 606 0 $aPersonale$xAssunzioni$xAgevolazioni fiscali$2BNCF 676 $a3 700 1$aBUSSINO,$bTemistocle$0541658 701 1$aRAUSEI,$bPierluigi$0509204 801 0$aIT$bsalbc$gISBD 912 $a990003206580203316 951 $aXXV.2.A 3$b62430 G.$cXXV.2.A$d00210926 959 $aBK 969 $aGIU 979 $aCHIARA$b90$c20090317$lUSA01$h1003 979 $aCHIARA$b90$c20090317$lUSA01$h1003 996 $aCodice delle agevolazioni$91012138 997 $aUNISA